00785 a2200241 4500003000700000005001700007008004100024020001800065040002500083041000800108050001500116100002400131245014500155250001900300260003300319300003600352336002800388337003000416338002700446650001700473650001900490700003400509CBULib20240112091106.0240112b |||||||| |||| 00| 0 eng d a9780323554954 bEnglishcCBULiberda aeng aRM 262 Ros aRosenthal, Laura D. aLehne's pharmacotherapeutics for advanced practice nurses and physician assistantsc/ by Laura D. Rosenthal and Jacqueline Rosenjack Burchum aSecond edition bElsevier,c2021aMissouri :  axxix, 913 pages : illustrations 2rdacontentaText |btxt 2rdamediaaUnmediated |bn 2rdacarrieraVolumebnc 0aPHARMACOLOGY 0a CHEMOTHERAPY1 aBurchum, Jacqueline Rosenjack